Statistics for Countries with the Most Landmines

Click here to take the quiz!

General Stats

  • This quiz has been taken 16 times
  • The average score is 7 of 10

Answer Stats

# of LandminesCountry% Correct
10,000,000Iraq
100%
10,000,000Afghanistan
94%
16,000,000Iran
88%
3,500,000Vietnam
81%
7,000,000Cambodia
69%
10,000,000China
69%
23,000,000Egypt
63%
10,000,000Angola
50%
6,000,000Bosnia and Herzegovina
50%
5,000,000Kuwait
19%

Score Distribution

Percentile by Number Answered

Percent of People with Each Score

Your Score History

You have not taken this quiz